| 000 | 00652nam a22002177i 4500 | ||
|---|---|---|---|
| 003 | URS | ||
| 005 | 20220114152647.0 | ||
| 008 | 170417b xxu||||| |||| 00| 0 eng d | ||
| 020 | _a0070539391 | ||
| 040 |
_erda _cURSP-College Library _beng |
||
| 050 | _b350 R723 1994 | ||
| 100 | 1 | _aRosenbloom, David H. | |
| 245 |
_aContemporary Public Administration _cDavid H. Rosenbloom |
||
| 264 | 1 |
_aNew York _bMcGraw-Hill, Incorporated _c1994. |
|
| 300 |
_axi, 524pages _c23cm. |
||
| 336 |
_atext _btxt _2rdacontent |
||
| 337 |
_aunmediated _bn _2rdamedia |
||
| 338 |
_avolume _bnc _2rdacarrier |
||
| 500 | _aIncludes bibliographical references | ||
| 942 |
_2lcc _cFR |
||
| 999 |
_c7199 _d7199 |
||